Kraje w ich ojczystym języku - Quiz mapowy - Statystyki

Ogólne statystyki
  • Ten quiz został rozwiązany 15 razy
    8 od ostatniego zresetowania
  • Średni wynik to 28 z 196
Odpowiedzi na mapie
Odpowiedzi zakodowano w zielono-czerwonej skali na mapie do tego quizu, zgodnie z poniższymi procentami.
 
Statystyki odpowiedzi
Odpowiedź % Poprawnych
Australia
63%
België
63%
Andorra
50%
Argentina
50%
Bahamas
50%
Belize
50%
Bénin
50%
Bolivia
50%
Bosna i Hercegovina
50%
Botswana
50%
Brasil
50%
Canada
50%
Česká republika
50%
Chile
50%
Россия
38%
Azərbaycan
38%
Burkina Faso
38%
Cabo Verde
38%
Cameroun
38%
Centrafrique
Bêafrîka
38%
Polska
38%
Portugal
38%
România
38%
Antigua and
Barbuda
25%
Barbados
25%
Colombia
25%
Costa Rica
25%
Cuba
25%
Danmark
25%
Deutschland
25%
España
25%
France
25%
Guyana
25%
Ísland
25%
Italia
25%
Lëtzebuerg
25%
Madagasikara
25%
Mexico
25%
Nederland
25%
Norge
25%
République du Congo
25%
Slovensko
25%
Suomi
25%
Sverige
25%
United Kingdom
25%
United States
25%
Uruguay
25%
Беларусь
13%
България
13%
Κύπρος
13%
Ελλάδα
13%
Қазақстан
13%
Кыргызстан
13%
Црна Гора
13%
Северна Македонија
13%
Србија
13%
한국 / 韓國
13%
Тоҷикистон
13%
ไทย, ประเทศไทย, ราชอาณาจักรไทย
13%
تونس
13%
Україна
13%
الإمارات العربيّة المتّحدة
13%
Ўзбекистон
13%
Aotearoa
13%
Civitas Vaticana
13%
Côte d'Ivoire
13%
Dominica
13%
Ecuador
13%
Eesti
13%
Eire
13%
eSwatini
13%
Federated States
of Micronesia
13%
Gabon
13%
Ghana
13%
Guatemala
13%
Guinea Ecuatorial
13%
Guiné-Bissau
13%
Guinée
13%
Honduras
13%
Hrvatska
13%
Indonesia
13%
Jamaica
13%
Kenya
13%
Kiribati
13%
Kosova
13%
Latvija
13%
Lesotho
13%
Liberia
13%
Liechtenstein
13%
Lietuva
13%
Magyarország
13%
Malawi
13%
Malaysia
13%
Malta
13%
Mauritius
13%
Moçambique
13%
Moldova
13%
Monaco
13%
Namibia
13%
Naoero
13%
Ngola
13%
Nicaragua
13%
Niger
13%
Nigeria
13%
Österreich
13%
Palau
13%
Panamá
13%
Papua Niugini
13%
Paraguay
13%
Perú
13%
Pilipinas
13%
República Dominicana
13%
République démocratique du Congo
13%
Rwanda
13%
San Marino
13%
San Salvador
13%
São Tomé e Príncipe
13%
Schweiz
13%
Sénégal
13%
Sesel
13%
Shqipëria
13%
Sierra Leone
13%
Singapura
13%
Slovenija
13%
Solomon Aelan
13%
Suid-Afrika
13%
Suriname
13%
Tanzania
13%
Timor Leste
13%
Togo
13%
Tonga
13%
Trinidad and
Tobago
13%
Türkiye
13%
Türkmenistan
13%
Tuvalu
13%
Uganda
13%
Venezuela
13%
Việt Nam
13%
Zambia
13%
Zimbabwe
13%
افغانستان
0%
Հայաստան
0%
البحرين
0%
বাংলাদেশ
0%
འབྲུག་ཡུལ
0%
بروني
0%
កម្ពុជា
0%
中华人民共和国
0%
جزر القمر
0%
مصر
0%
إرتريا
0%
ኢትዮጵያ
0%
საქართველო
0%
ایران
0%
العراق
0%
ישראל
0%
日本
0%
الأردن
0%
دولة الكويت
0%
ປະເທດລາວ
0%
لبنان
0%
ليبيا
0%
ދިވެހިރާއްޖެ
0%
ߡߊ߬ߟߌ
0%
موريتانيا
0%
ⴰⵎⵔⵔⵓⴽ / ⵍⵎⵖⵔⵉⴱ
0%
မြန်မာ
0%
नेपाल
0%
조선 / 朝鮮
0%
عُمان
0%
پاکستان
0%
قطر
0%
المملكة العربية السعودية
0%
الصومال
0%
ශ්‍රී ලංකාව
0%
السودان
0%
سورية
0%
中華民國
0%
اليمن
0%
Aorōkin Ṃajeḷ
0%
Ayiti
0%
भारत
0%
ᠮᠤᠩᠭᠤᠯ
ᠤᠯᠤᠰ
0%
Dzayer
0%
Grenada
0%
Jībūtī
0%
Kambiya
0%
Paguot
0%
Saint Kitts
and Nevis
0%
Saint Lucia
0%
Saint Vincent
and the
Grenadines
0%
Sāmoa
0%
Tchad
0%
Uburundi
0%
Vanuatu
0%
Viti
0%
Nie znaleziono quizów pasujących do podanych kryteriów
Rozkład punktacji
Procent ludzi z każdym wynikiem
Percentyl według liczby udzielonych odpowiedzi
Twoja historia wyników
Nie rozwiązałeś tego quizu od ostatniego zresetowania